000 00263nam a22001097a 4500
082 _a915
_bASA
100 _aAsad, Muhammad
_91343
245 _aThe Road to Makkah /
_cMuhammad Asad
260 _aNew York
_c1980.
300 _a380p. ;
_bHardcover
942 _2ddc
_cBK
999 _c594556
_d594556